00581 2200217 4500001002100000005001500021035002000036007000300056008004100059020001800100082001500118084002100133100001600154245004100170250001000211260003200221300002100253500004400274650002000318990002500338INLIS00000000000291220260408032741 a0010-0426000022ta260408 g 1 ind  a9786237078128 a899. 221 3 a899. 221 3 SHI m0 aShineeminka1 aMencintaimu dalam Doa /cShineeminka aed. 1 aTegal :bGrass Media,c2019 a231 hlm ;c20 cm aMencintaimu dalam Doa Karya Shineeminka 4aFiksi Indonesia a05187/H/SMAN2TS/2026